000 00452cam a2200193 4500
001 D3063
008 090401t1978 xxu||||| |||| 00| 0 eng d
035 _a(Sirsi) u71753
041 _aeng
050 _a711.14
100 _aDavies, Keith
245 _aLaw of compulsory purchase and compensation
250 _a3rd
260 _aLondon
_bButterworths
_c1978
300 _axxxix. 398p. 21cm
350 _a7.5
942 _n0
948 _c04/03/1997
999 _c95432
_d95432